000 01580nam a2200445 i 4500
001 29468
003 KOSZ 005
005 20201006121156.0
008 970612s1990 pl a f |000 0 pol
015 _aPB 1991/3359
040 _aWA N
_cWA N
_dKOSZ 005/HR
041 0 _apol
_beng
_bger
046 _k1990
080 _a624.01/.07
080 _a517.9
080 _a519.6
100 1 _aZieliński, Andrzej Piotr
_eAutor
245 1 0 _aMetoda szeregów brzegowych w zastosowaniu do płyt i powłok o krzywoliniowym konturze /
_cAndrzej P. Zieliński.
260 _aKraków :
_bPK,
_c1990.
300 _a69 s. :
_brys., wykr. ;
_c24 cm.
336 _2rdacontent
_aTekst
_btxt
337 _2rdamedia
_aBez urządzenia pośredniczącego
_bn
338 _2rdacarrier
_aWolumin
_bnc
380 _aKsiążki
380 _aPublikacje naukowe
388 _a1901-2000
388 _a1989-2000
490 1 _aMonografia / Politechnika Krakowska im. Tadeusza Kościuszki,
_x0860-097X ;
_v98.
504 _aBibliogr. s. 64-66.
546 _aStreszcz. ang., niem.
650 4 _aPłyty konstrukcyjne
650 4 _aPowłoki (budownictwo)
650 4 _aAnaliza numeryczna
650 4 _aRównania całkowe
658 _aArchitektura i budownictwo
710 2 _aPolitechnika Krakowska im. Tadeusza Kościuszki
_4pbl.
830 0 _aMonografia - Politechnika Krakowska im. Tadeusza Kościuszki,
_v98.
856 _uhttp://koha.tu.koszalin.pl/cgi-bin/koha/opac-detail.pl?biblionumber=29468
942 _2UKD
_cKS
999 _c29468
_d29468